| 000 | 00467nam a2200181 a 4500 | ||
|---|---|---|---|
| 001 | 23343 | ||
| 005 | 20180713221409.0 | ||
| 008 | 140415s1977 xxu 000 0 eng d | ||
| 020 | _a0393087271 | ||
| 041 | _aeng | ||
| 082 |
_a959.70437 _bGRA |
||
| 100 | 1 | _aGRANT, ZALIN | |
| 245 | 1 | 0 | _aS U R V I V O R S |
| 250 | _a1a ed. | ||
| 260 |
_aESTADOS UNIDOS DE AMERICA : _bW.W. NORTON, _c1977 |
||
| 300 | _a345 | ||
| 650 | 1 | 4 |
_aVIET _xNAM _xCONFLICTO, 1961 |
| 999 |
_c23343 _d23343 |
||